|
|
|
|
| LEADER |
00000naa2a2200000 4500 |
| 001 |
398294 |
| 005 |
20231101065029.0 |
| 035 |
|
|
|a (RuTPU)RU\TPU\prd\38323
|
| 090 |
|
|
|a 398294
|
| 100 |
|
|
|a 20050922a2005 k y0rusy50 ca
|
| 101 |
0 |
|
|a rus
|
| 102 |
|
|
|a RU
|
| 200 |
1 |
|
|a Контроль распределения теплового поля в улье
|f А. Ф. Рыбочкин
|
| 225 |
1 |
|
|a Измерения, контроль, диагностика
|
| 320 |
|
|
|a Библиогр.: 3 назв.
|
| 461 |
|
0 |
|0 (RuTPU)RU\TPU\prd\1687
|t Приборы и системы. Управление, контроль, диагностика
|o научно-технический и производственный журнал
|d 2000-
|
| 463 |
|
0 |
|0 (RuTPU)RU\TPU\prd\30998
|t № 11
|v С. 47-52
|d 2004
|
| 610 |
1 |
|
|a тепловые поля
|
| 610 |
1 |
|
|a контроль
|
| 610 |
1 |
|
|a термопарные датчики
|
| 610 |
1 |
|
|a матрицы
|
| 610 |
1 |
|
|a распределение
|
| 610 |
1 |
|
|a термоэлектродвижущие силы
|
| 610 |
1 |
|
|a объёмные наблюдения
|
| 610 |
1 |
|
|a улья
|
| 610 |
1 |
|
|a пчелы
|
| 610 |
1 |
|
|a зимовье
|
| 700 |
|
1 |
|a Рыбочкин
|b А. Ф.
|
| 801 |
|
1 |
|a RU
|b 63413507
|c 20050922
|g PSBO
|
| 801 |
|
2 |
|a RU
|b 63413507
|c 20121009
|g RCR
|
| 942 |
|
|
|c BK
|